header

Regulating sexuality (Record no. 158941)

MARC details
000 -LEADER
fixed length control field 01950nam a2200361 a 4500
082 04 - DEWEY DECIMAL CLASSIFICATION NUMBER
Classification number 306.708209416
100 1# - MAIN ENTRY--AUTHOR NAME
Personal name McCormick, Leanne.
245 10 - TITLE STATEMENT
Title Regulating sexuality
260 ## - PUBLICATION, DISTRIBUTION, ETC. (IMPRINT)
Place of publication Manchester, U.K. ;
-- New York :
Name of publisher Manchester University Press ;
Place of publication New York :
Name of publisher Distributed in the USA by Palgrave Macmillan,
Year of publication c2009.
300 ## - PHYSICAL DESCRIPTION
Number of Pages xiii, 249 p.
505 0# - FORMATTED CONTENTS NOTE
Formatted contents note 'Dirty girls and bad houses' : prostitutes and prostitution -- 'Angels who have lost their way' : the work of rescue and reform homes -- 'Modesty is the sister of virtue' : moral prevention work with girls -- 'People should keep a grip of themselves' : treatment and prevention of VD -- 'One Yank and they're off' : interaction between US Troops and Northern Irish women, 1942-1945 -- 'Confused with prejudice and muddled thinking' : preventing pregnancy.
650 #0 - SUBJECT ADDED ENTRY--TOPICAL TERM
Topical Term Women
Topical Term Women
Topical Term Women
856 40 - ELECTRONIC LOCATION AND ACCESS
Uniform Resource Identifier http://site.ebrary.com/lib/rucke/Doc?id=10623269

No items available.

© 2026 Rongo University
Contact us: librarian | system librarian | Rongo university